Statystyki dla Kolory

Kliknij tutaj aby rozwiązać quiz!

Ogólne statystyki

  • Ten quiz został rozwiązany 40 razy
  • Średni wynik to 7 z 12

Statystyki odpowiedzi

HintOdpowiedź% Poprawnych
białyblanco
96%
czarnynegro
92%
niebieskiazul
72%
czerwonyrojo
72%
zielonyverde
72%
różowyrosa
68%
żółtyamarillo
56%
szarygris
52%
brązowymarrón
52%
pomarańczowynaranja
52%
fioletowyvioleta
28%
granatowyazul marino
8%

Rozkład punktacji

Percentyl według liczby udzielonych odpowiedzi

Procent ludzi z każdym wynikiem

Twoja historia wyników

Nie rozwiązałeś tego quizu